[Event "4NCL Division 4 South"]
[Site "Daventry, ENG"]
[Date "2019.05.05"]
[Round "10.124"]
[White "Headlong, Georgia"]
[Black "Sloan, Hamish"]
[Result "0-1"]
[WhiteElo "1615"]
[BlackElo "1518"]
[PlyCount "146"]
[EventDate "2019.05.05"]
[WhiteTeam "Check Innmates 3"]
[BlackTeam "The Pitstop"]

1. e4 c5 2. Nc3 d6 3. g3 g6 4. Bg2 Bg7 5. Nge2 Nc6 6. d3 e6 7. Be3 Nd4 8. Qd2
Ne7 9. Nd1 Nec6 10. c3 Nxe2 11. Qxe2 O-O 12. O-O Qc7 13. Qd2 e5 14. Bh6 f5 15.
Bxg7 Kxg7 16. f4 Be6 17. Ne3 Rad8 18. exf5 Bxf5 19. Nxf5+ Rxf5 20. Be4 Rf6 21.
fxe5 Rxf1+ 22. Rxf1 Nxe5 23. Bd5 Rf8 24. Rxf8 Kxf8 25. d4 cxd4 26. Qxd4 b6 27.
Bg2 Qc5 28. Qxc5 dxc5 29. Be4 Ke7 30. h4 h6 31. Kf2 Kf6 32. Ke3 Nc4+ 33. Kf4
g5+ 34. hxg5+ hxg5+ 35. Kf3 Nxb2 36. Ke3 Ke5 37. Bb7 Nc4+ 38. Kd3 Nd6 39. Bc6
Nf5 40. g4 Nh6 41. Kc4 Nxg4 42. Kb5 Kd6 43. Bf3 Ne3 44. Ka6 g4 45. Bh1 g3 46.
Kxa7 Kc7 47. a4 g2 48. Bxg2 Nxg2 49. Ka6 Ne3 50. Kb5 Nd5 51. Kc4 Kc6 52. Kb3
Ne3 53. c4 Nf5 54. Kc3 Nd4 55. Kd3 Nb3 56. Kc3 Na5 57. Kd3 Kd6 58. Kc3 Ke5 59.
Kd3 Kf4 60. Kc2 Ke4 61. Kc3 Ke3 62. Kc2 Kd4 63. Kb2 Kxc4 64. Ka3 Kc3 65. Ka2
Kb4 66. Kb2 Kxa4 67. Ka2 b5 68. Kb2 b4 69. Ka2 b3+ 70. Kb2 Nc4+ 71. Kb1 Ka3 72.
Ka1 b2+ 73. Kb1 Nd2+ 0-1

[Event "4NCL Division 4 South"]
[Site "Daventry, ENG"]
[Date "2019.05.05"]
[Round "10.125"]
[White "Fernando, Manel"]
[Black "Arora, Tashika"]
[Result "1/2-1/2"]
[WhiteElo "1486"]
[BlackElo "1437"]
[PlyCount "74"]
[EventDate "2019.05.05"]
[WhiteTeam "The Pitstop"]
[BlackTeam "Check Innmates 3"]

1. d4 Nf6 2. Nf3 d5 3. Bf4 g6 4. e3 Bg7 5. Nbd2 O-O 6. Bd3 c5 7. c3 Qb6 8. Rb1
Nc6 9. O-O c4 10. Bc2 Nh5 11. Bg3 Nxg3 12. hxg3 Bg4 13. Qe1 e5 14. dxe5 Nxe5
15. Nxe5 Bxe5 16. e4 Qc5 17. exd5 Qxd5 18. Be4 Qb5 19. Qe3 Bg7 20. Qf4 Be6 21.
Nf3 h6 22. Rfd1 Rfd8 23. Qc7 Rxd1+ 24. Rxd1 Qxb2 25. Bxb7 Re8 26. Nd4 Bxd4 27.
cxd4 Qc2 28. Re1 Qd2 29. Re4 Rf8 30. d5 Bxd5 31. Bxd5 Qxd5 32. Rxc4 a5 33. a4
g5 34. Qc6 Qd1+ 35. Kh2 Qh5+ 36. Kg1 Qd1+ 37. Kh2 Qh5+ 1/2-1/2

[Event "4NCL Division 4 South"]
[Site "Daventry, ENG"]
[Date "2019.05.05"]
[Round "10.131"]
[White "Carter, Gavin"]
[Black "Coburn, Joseph A"]
[Result "0-1"]
[WhiteElo "1452"]
[BlackElo "1776"]
[PlyCount "78"]
[EventDate "2019.05.05"]
[WhiteTeam "Barnet Knights 3"]
[BlackTeam "Wessex C"]

1. Nf3 Nf6 2. c4 d6 3. g3 g6 4. Bg2 Bg7 5. O-O c6 6. Nc3 Be6 7. d3 Qc8 8. Ng5
Bd7 9. Qb3 h6 10. Nge4 Nxe4 11. Nxe4 O-O 12. Bd2 f5 13. Bc3 fxe4 14. Bxg7 Kxg7
15. Bxe4 Bh3 16. Rfe1 Nd7 17. Qc3+ Kh7 18. d4 Nf6 19. Bc2 d5 20. f3 Bf5 21. e4
dxe4 22. fxe4 Bh3 23. e5 Ng4 24. Qd3 Qe8 25. Re2 Qf7 26. Qd1 Ne3 27. Bxg6+ Kxg6
28. Qd3+ Qf5 29. Rxe3 Qxd3 30. Rxd3 Rf5 31. Re1 Raf8 32. Rdd1 Rf2 33. Rb1 Rd2
34. Rbd1 Rxb2 35. d5 Rff2 36. d6 Rg2+ 37. Kh1 Rxh2+ 38. Kg1 Rbg2+ 39. Kf1 Rh1#
0-1

[Event "4NCL Division 4 South"]
[Site "Daventry, ENG"]
[Date "2019.05.05"]
[Round "10.132"]
[White "Chilton, James I"]
[Black "Farahi-Far, Arman"]
[Result "1/2-1/2"]
[WhiteElo "1747"]
[BlackElo "1525"]
[PlyCount "124"]
[EventDate "2019.05.05"]
[WhiteTeam "Wessex C"]
[BlackTeam "Barnet Knights 3"]

1. d4 Nf6 2. c4 e5 3. dxe5 Ng4 4. Bf4 g5 5. Bg3 Bg7 6. Nc3 Nxe5 7. e3 Nbc6 8.
Nf3 d6 9. Nxe5 Nxe5 10. Be2 Be6 11. f4 Nxc4 12. Bxc4 Bxc4 13. Qa4+ b5 14. Nxb5
Bxb5 15. Qxb5+ Qd7 16. Qxg5 Bxb2 17. Rb1 Bc3+ 18. Kf2 Qe6 19. Rb3 Bf6 20. Qb5+
Qd7 21. Rc1 Qxb5 22. Rxb5 Kd7 23. Rb7 Rhc8 24. Kf3 a6 25. Be1 Rab8 26. Rcb1 Ra8
27. Ba5 Bd8 $11 28. e4 Ke8 29. Kg4 c5 30. Bxd8 Rxd8 31. Kf5 a5 32. Kf6 Rd7 33.
Rxd7 Kxd7 34. Kxf7 c4 35. Rc1 Rc8 36. Rc3 d5 37. exd5 Kd6 38. f5 Kxd5 39. f6
Kd4 40. Rc1 c3 41. Kg7 Kd3 42. f7 Kd2 43. Rf1 c2 44. f8=Q Rxf8 45. Kxf8 c1=Q
46. Rxc1 Kxc1 47. h4 Kb2 48. a4 Kb3 49. h5 Kxa4 50. h6 Kb5 51. Kg7 a4 52. Kxh7
a3 53. Kg8 a2 54. h7 a1=Q 55. h8=Q Qa2+ 56. Kf8 Qa8+ 57. Kg7 Qxg2+ 58. Kf7 Qd5+
59. Kg6 Qg2+ 60. Kf7 Qb7+ 61. Kg6 Qg2+ 62. Kf7 Qb7+ 1/2-1/2

[Event "4NCL Division 4 South"]
[Site "Daventry, ENG"]
[Date "2019.05.05"]
[Round "10.133"]
[White "Farahi-Far, Mohammad"]
[Black "Deacon, David J"]
[Result "0-1"]
[WhiteElo "1235"]
[BlackElo "1635"]
[PlyCount "76"]
[EventDate "2019.05.05"]
[WhiteTeam "Barnet Knights 3"]
[BlackTeam "Wessex C"]

1. c4 Nf6 2. Nc3 c5 3. g3 g6 4. Bg2 Bg7 5. Nf3 Nc6 6. O-O O-O 7. d3 d6 8. a3 a6
9. Rb1 Rb8 10. Bd2 b5 11. cxb5 axb5 12. Qc1 b4 13. axb4 Nxb4 14. d4 Bf5 15. Ra1
Nc2 16. Ra4 Nxd4 17. Nxd4 cxd4 18. Rxd4 Qb6 19. Be3 Qxb2 20. Rd2 Qxc1 21. Rxc1
Rfc8 22. Rdd1 h5 23. h3 Rb2 24. Rd2 Rb3 25. Rdd1 Rbxc3 26. Rxc3 Rxc3 27. Ra1
Be4 28. Bd4 Rc4 29. Bxe4 Nxe4 30. Ra8+ Kh7 31. Be3 Bf6 32. Kg2 Kg7 33. f4 Rc3
34. Kf3 d5 35. Ra4 e6 36. f5 gxf5 37. Kf4 e5+ 38. Kf3 d4 0-1

[Event "4NCL Division 4 South"]
[Site "Daventry, ENG"]
[Date "2019.05.05"]
[Round "10.134"]
[White "Smith, Steven J"]
[Black "Wolstenholme, Scarlet"]
[Result "1/2-1/2"]
[WhiteElo "1634"]
[BlackElo "1307"]
[PlyCount "94"]
[EventDate "2019.05.05"]
[WhiteTeam "Wessex C"]
[BlackTeam "Barnet Knights 3"]

1. d4 d5 2. e3 Nc6 3. f4 Nf6 4. Nd2 Bf5 5. c3 g6 6. Ndf3 Bg7 7. Ne5 Nxe5 8.
fxe5 Ne4 9. Nf3 O-O 10. Be2 e6 11. O-O Bg4 12. Nd2 Bf5 13. Nxe4 Bxe4 14. Bf3 f5
15. exf6 Qxf6 16. Bxe4 Qxf1+ 17. Qxf1 Rxf1+ 18. Kxf1 dxe4 19. Bd2 Rf8+ 20. Ke2
e5 21. Rf1 Rf5 22. d5 Rxf1 23. Kxf1 Kf7 24. c4 Ke7 25. Bb4+ Kd7 26. Ke2 Bh6 27.
b3 c6 28. dxc6+ Kxc6 29. Be7 b5 30. g4 Kd7 31. Bc5 bxc4 32. bxc4 a5 33. a4 Kc6
34. Be7 Kd7 35. Ba3 Bg5 36. Kd2 Ke6 37. Bb2 h5 38. h3 hxg4 39. hxg4 Kd6 40. Bc3
Ke6 41. Bb2 Kd6 42. Bc3 Kc5 43. Bxa5 Kxc4 44. Bb6 Kb4 45. a5 Kb5 46. Kc3 Be7
47. Kb3 Bd6 1/2-1/2

[Event "4NCL Division 4 South"]
[Site "Daventry, ENG"]
[Date "2019.05.05"]
[Round "10.135"]
[White "Ibrahim, Amir"]
[Black "Deacon, Matthew"]
[Result "1/2-1/2"]
[WhiteElo "1300"]
[BlackElo "1495"]
[PlyCount "61"]
[EventDate "2019.05.05"]
[WhiteTeam "Barnet Knights 3"]
[BlackTeam "Wessex C"]

1. e4 c5 2. Nf3 g6 3. d4 cxd4 4. Nxd4 Nc6 5. Nc3 Bg7 6. Be3 Nf6 7. Nf3 d6 8.
Bc4 O-O 9. O-O a6 10. a4 Bd7 11. Qd2 Bg4 12. Be2 Re8 13. Bh6 Bh8 14. h3 Bd7 15.
Bc4 Bc8 16. Ng5 e6 17. f4 Nxe4 18. Qd3 Nxc3 19. bxc3 Na5 20. f5 Nxc4 21. Qxc4
d5 22. fxe6 Bxe6 23. Qf4 f5 24. Rae1 Qb6+ 25. Kh1 Rad8 26. g4 Qd6 27. Nxe6 Rxe6
28. Rxe6 Qxe6 29. gxf5 Qe4+ 30. Qxe4 dxe4 31. fxg6 1/2-1/2

[Event "4NCL Division 4 South"]
[Site "Daventry, ENG"]
[Date "2019.05.05"]
[Round "10.136"]
[White "Deacon, Nicholas"]
[Black "Dave, Dirghayush J"]
[Result "1-0"]
[WhiteElo "1067"]
[BlackElo "1172"]
[PlyCount "171"]
[EventDate "2019.05.05"]
[WhiteTeam "Wessex C"]
[BlackTeam "Barnet Knights 3"]

1. d4 d5 2. c4 e6 3. Nc3 Nf6 4. Bg5 h6 5. Bh4 Be7 6. e3 O-O 7. Nf3 Ng4 8. Bxe7
Qxe7 9. cxd5 exd5 10. Bd3 Be6 11. O-O Nc6 12. Rc1 a6 13. Bb1 Nb4 14. a3 Nc6 15.
Qc2 g6 16. e4 Qd6 17. e5 Qd8 18. h3 Bf5 19. Qd2 Bxb1 20. Rxb1 Ngxe5 21. Nxe5
Qd6 22. Nxc6 Qxc6 23. Qxh6 Qc4 24. Rfe1 Rfe8 25. Rxe8+ Rxe8 26. Rc1 Qxd4 27.
Rd1 Qb6 28. Nxd5 Qc6 29. a4 Re5 30. Nb4 Qf6 31. Nd3 Rd5 32. Re1 Rd8 33. Re4 b5
34. axb5 axb5 35. b4 Qc6 36. Re3 Qc3 37. Kh2 c5 38. bxc5 b4 39. c6 b3 40. c7
Qxc7+ 41. g3 Qb8 42. Nb2 Re8 43. Rxe8+ Qxe8 44. Qe3 Qb5 45. h4 Qf1 46. Qe8+ Kg7
47. Qe5+ Kh7 48. Qf6 Kg8 49. g4 Qe2 50. Qd4 Kh7 51. g5 Kg8 52. Qd8+ Kh7 53. Qf6
Kg8 54. Kg3 Qe4 55. Qf4 Qc2 56. Qf6 Kh7 57. Qxf7+ Kh8 58. Qf6+ Kg8 59. f3 Kh7
60. Qf7+ Kh8 61. Qf6+ Kh7 62. f4 Qe2 63. Qd4 Qe1+ 64. Qf2 Qc3+ 65. Kg2 Qc6+ 66.
Kg3 Qc3+ 67. Kh2 Qc2 68. Qxc2 bxc2 69. Nd3 Kg7 70. Kg2 Kf7 71. Kf3 Ke6 72. Ke4
Kd6 73. f5 gxf5+ 74. Kxf5 Kd5 75. g6 Kd4 76. Nc1 Kc3 77. g7 Kb2 78. Nd3+ Kc3
79. g8=Q Kxd3 80. Qd8+ Kc3 81. Qc7+ Kb2 82. Qxc2+ Kxc2 83. h5 Kd3 84. h6 Kd4
85. h7 Kd5 86. h8=Q 1-0

[Event "4NCL Division 4 South"]
[Site "Daventry, ENG"]
[Date "2019.05.05"]
[Round "10.201"]
[White "Vaidya, Raghav"]
[Black "Hinchcliffe, Gary"]
[Result "1/2-1/2"]
[WhiteElo "1682"]
[BlackElo "1877"]
[PlyCount "41"]
[EventDate "2019.05.05"]
[WhiteTeam "Barnet Knights 2"]
[BlackTeam "Shropshire 3"]

1. e4 e6 2. d4 d5 3. Nd2 dxe4 4. Nxe4 Nd7 5. Nf3 Ngf6 6. Nxf6+ Nxf6 7. g3 c5 8.
Bg2 cxd4 9. Qxd4 Qxd4 10. Nxd4 a6 11. Bd2 Bd6 12. O-O-O O-O 13. h3 Rb8 14. Bg5
Bc7 15. Ne2 h6 16. Be3 b6 17. Nd4 Bb7 18. Bxb7 Rxb7 19. g4 Nd5 20. Bd2 Bf4 21.
Bxf4 1/2-1/2

[Event "4NCL Division 4 South"]
[Site "Daventry, ENG"]
[Date "2019.05.05"]
[Round "10.204"]
[White "Taylor, Alex B"]
[Black "Stoica, Savas Marin"]
[Result "0-1"]
[WhiteElo "1870"]
[BlackElo "1637"]
[PlyCount "138"]
[EventDate "2019.05.05"]
[WhiteTeam "Shropshire 3"]
[BlackTeam "Barnet Knights 2"]

1. e4 c5 2. Nf3 d6 3. d4 cxd4 4. Nxd4 Nf6 5. Nc3 a6 6. Be3 e5 7. Nb3 Be7 8. f3
Be6 9. Qd2 Nbd7 10. O-O-O b5 11. g4 O-O 12. h4 b4 13. Nd5 Bxd5 14. exd5 a5 15.
Kb1 a4 16. Nc1 Nb6 17. Bxb6 Qxb6 18. Bd3 a3 19. b3 Qd4 20. Bxh7+ Kxh7 21. Qxd4
exd4 22. Rxd4 Ra5 23. Rhd1 Rb5 24. Ne2 Rc8 25. g5 Nd7 26. R4d3 Ne5 27. Re3 Bd8
28. c4 bxc3 29. Nxc3 Rbc5 30. Ne4 Rc2 31. b4 Rb2+ 32. Ka1 Rcc2 33. Rxa3 Nc4 34.
Rb3 Rxa2+ 35. Kb1 Bb6 36. Nc3 Rcb2+ 37. Rxb2 Rxb2+ 38. Ka1 Rxb4 39. Ne4 Ne3 40.
Rd3 Rd4 41. Rb3 Bc7 42. Rxe3 Rxd5 43. h5 Rf5 44. g6+ fxg6 45. hxg6+ Kxg6 46.
Ng3 Re5 47. Rc3 Bb6 48. Rc6 Bd4+ 49. Kb1 Rb5+ 50. Ka2 Rb6 51. Rc4 Rb2+ 52. Ka3
Rg2 53. Ne4 Be5 54. Rc6 Kf5 55. Rc8 d5 56. Rf8+ Kg6 57. f4 Bb2+ 58. Kb3 dxe4
59. Kc4 e3 60. Kd3 Bc1 61. f5+ Kg5 62. Rf7 Rd2+ 63. Kc4 Bb2 64. Re7 e2 65. Re8
Bd4 66. Re7 Bf2 67. Rxg7+ Kf6 68. Rg6+ Kxf5 69. Rg8 e1=Q 0-1

[Event "4NCL Division 4 South"]
[Site "Daventry, ENG"]
[Date "2019.05.05"]
[Round "10.207"]
[White "Sanfey, Gregor"]
[Black "Ross, Stuart"]
[Result "0-1"]
[WhiteElo "1585"]
[BlackElo "1727"]
[PlyCount "100"]
[EventDate "2019.05.05"]
[WhiteTeam "Barnet Knights 2"]
[BlackTeam "Shropshire 3"]

1. d4 Nf6 2. c4 e6 3. Nf3 b6 4. g3 Ba6 5. b3 Bb4+ 6. Nbd2 O-O 7. Bb2 Bb7 8. Bg2
Be7 9. O-O d6 10. Qc2 c5 11. dxc5 bxc5 12. Rfd1 Qc7 13. Nh4 Nc6 14. Ne4 Nxe4
15. Bxe4 f5 16. Bg2 Bf6 17. Bxf6 Rxf6 18. e4 Nd4 19. Rxd4 cxd4 20. exf5 Bxg2
21. Kxg2 Qc6+ 22. f3 e5 23. Qe4 Rc8 24. g4 Qxe4 25. fxe4 h6 26. Ng6 Kf7 27. h4
Rc7 28. Rc1 Kg8 29. g5 Rff7 30. Kf2 a5 31. Ke2 Rb7 32. c5 Rfc7 33. c6 Rb6 34.
Kd3 Kf7 35. Nh8+ Ke8 36. gxh6 gxh6 37. Rg1 Rbxc6 38. Rg8+ Ke7 39. Ng6+ Kf7 40.
Rf8+ Kg7 41. Ke2 Rc8 42. Rxc8 Rxc8 43. Kd3 Kf7 44. Kd2 Rc3 45. Kd1 Re3 46. Kc2
Rxe4 47. a3 Re3 48. b4 Rxa3 49. b5 Rc3+ 50. Kb2 Rc5 0-1

[Event "4NCL Division 4 South"]
[Site "Daventry, ENG"]
[Date "2019.05.05"]
[Round "10.203"]
[White "Sheard, Martin"]
[Black "Waller, Dan"]
[Result "0-1"]
[WhiteElo "1900"]
[BlackElo "2057"]
[PlyCount "50"]
[EventDate "2019.05.05"]
[WhiteTeam "Shropshire 3"]
[BlackTeam "All Anands on Deck"]

1. Nf3 f5 2. g3 Nf6 3. Bg2 e6 4. O-O d5 5. d4 Bd6 6. c4 c6 7. b3 Qe7 8. Bb2 b6
9. Nbd2 Bb7 10. Qc2 O-O 11. Ne1 Nbd7 12. Nd3 c5 13. cxd5 exd5 14. Nf3 Rac8 15.
Nf4 Ne4 16. dxc5 bxc5 17. Rad1 Nb6 18. e3 Rfd8 19. Ne2 c4 20. Bd4 Ba6 21. Nc1
cxb3 22. Qxb3 Bc4 23. Qb1 Na4 24. Qa1 Bxf1 25. Rxf1 Rc2 0-1

[Event "4NCL Division 4 South"]
[Site "Daventry, ENG"]
[Date "2019.05.05"]
[Round "10.206"]
[White "Jones, Tibor"]
[Black "Tarr, Steve F"]
[Result "1-0"]
[WhiteElo "1866"]
[BlackElo "1757"]
[PlyCount "97"]
[EventDate "2019.05.05"]
[WhiteTeam "All Anands on Deck"]
[BlackTeam "Shropshire 3"]

1. d4 d5 2. c4 c6 3. Nf3 Nf6 4. Nc3 dxc4 5. a4 Bf5 6. Ne5 e6 7. Nxc4 Bb4 8. f3
h6 9. e4 Bh7 10. Be3 Qe7 11. Be2 O-O 12. O-O c5 13. d5 exd5 14. Nxd5 Nxd5 15.
Qxd5 Rd8 16. Qe5 Nc6 17. Qxe7 Nxe7 18. Ne5 Ng6 19. Nd3 Rac8 20. Rac1 b6 21.
Nxb4 cxb4 22. Rxc8 Rxc8 23. Rc1 Rxc1+ 24. Bxc1 Kf8 25. Bd2 Ke8 26. Bxb4 Kd7 27.
Bb5+ Kc7 28. Be8 Ne5 29. Bf8 Kd8 30. Bb5 g5 31. Bxh6 f6 32. Bf8 g4 33. Bd6 Nf7
34. Bf4 gxf3 35. gxf3 Kc8 36. Ba6+ Kd7 37. Kf2 Kc6 38. b4 f5 39. Bb5+ Kb7 40.
Bd3 fxe4 41. Bxe4+ Bxe4 42. fxe4 Kc6 43. h4 a5 44. bxa5 bxa5 45. Ke3 Kc5 46. h5
Kb4 47. h6 Kxa4 48. h7 Kb4 49. Bg5 1-0

[Event "4NCL Division 4 South"]
[Site "Daventry, ENG"]
[Date "2019.05.05"]
[Round "10.202"]
[White "Wilks, Simon"]
[Black "Wolstenholme, Otis"]
[Result "1-0"]
[WhiteElo "2147"]
[BlackElo "1697"]
[PlyCount "99"]
[EventDate "2019.05.05"]
[WhiteTeam "All Anands on Deck"]
[BlackTeam "Barnet Knights 2"]

1. e4 e6 2. d4 d5 3. Nc3 Bb4 4. exd5 exd5 5. Bd3 Ne7 6. Qh5 Be6 7. a3 Ba5 8. b4
Bb6 9. Nce2 Nd7 10. Bg5 Nf6 11. Qf3 Neg8 12. c3 h6 13. Bf4 Ne7 14. Be5 Ng6 15.
Nf4 Nxf4 16. Qxf4 Qe7 17. Ne2 a6 18. O-O O-O-O 19. Ng3 c6 20. Nf5 Bxf5 21. Bxf6
gxf6 22. Bxf5+ Rd7 23. Rfe1 Qd8 24. Qd6 Bc7 25. Qxd7+ Qxd7 26. Bxd7+ Kxd7 27.
Re3 Bf4 28. Rf3 Bg5 29. g3 Rg8 30. Kf1 f5 31. h4 Bd8 32. Rxf5 f6 33. Re1 Rh8
34. Kg2 Be7 35. f3 Bd8 36. g4 Rg8 37. Kg3 Bc7+ 38. Kf2 Bd8 39. Re2 Rg7 40. Rh5
Rg6 41. Kg3 Bc7+ 42. f4 Bb8 43. Kf3 Bc7 44. f5 Rg7 45. Rxh6 Bd8 46. Rg6 Rh7 47.
h5 Kc8 48. Re6 Kd7 49. h6 Kc8 50. Rgxf6 1-0

[Event "4NCL Division 4 South"]
[Site "Daventry, ENG"]
[Date "2019.05.05"]
[Round "10.205"]
[White "Carter, Rebecca"]
[Black "Penna, Tommaso"]
[Result "1-0"]
[WhiteElo "1610"]
[BlackElo "2012"]
[PlyCount "75"]
[EventDate "2019.05.05"]
[WhiteTeam "Barnet Knights 2"]
[BlackTeam "All Anands on Deck"]

1. c4 e5 2. Nc3 Bb4 3. Nf3 Bxc3 4. bxc3 d6 5. g3 Nc6 6. Bg2 Nge7 7. O-O O-O 8.
d4 f6 9. e4 b6 10. Be3 Ba6 11. Nd2 Na5 12. Re1 c5 13. Bf1 Rc8 14. Qa4 Qe8 15.
Qxe8 Rfxe8 16. Rac1 Nec6 17. d5 Nd8 18. f4 exf4 19. gxf4 Rc7 20. Bf2 Nf7 21.
Re3 Rce7 22. Rce1 g5 23. fxg5 fxg5 24. Bg3 h5 25. h3 Kg7 26. Bd3 Bc8 27. Kg2 h4
28. Bh2 g4 29. hxg4 Bxg4 30. Rg1 Kh6 31. Bf4+ Kh5 32. Be2 Bxe2 33. Rxe2 Ne5 34.
Kh3 Nexc4 35. Reg2 Re5 36. Rg5+ Rxg5 37. Rxg5+ Kh6 38. Rg8+ 1-0

[Event "4NCL Division 4 South"]
[Site "Daventry, ENG"]
[Date "2019.05.05"]
[Round "10.208"]
[White "Mize, Dylan"]
[Black "Angelopoulos, Andreas"]
[Result "1-0"]
[WhiteElo "1567"]
[BlackElo "1562"]
[PlyCount "83"]
[EventDate "2019.05.05"]
[WhiteTeam "All Anands on Deck"]
[BlackTeam "Barnet Knights 2"]

1. d4 Nf6 2. c4 e6 3. Nc3 d5 4. Bg5 c6 5. cxd5 exd5 6. e3 Be7 7. Bd3 O-O 8. Qc2
Nbd7 9. Nge2 h6 10. Bh4 Qc7 11. O-O Bd6 12. Bg3 Bxg3 13. hxg3 Nb6 14. Rfc1 Qd7
15. b4 a6 16. a4 Qe7 17. b5 axb5 18. axb5 Bd7 19. bxc6 bxc6 20. Rab1 Nc8 21.
Na4 Ng4 22. Nc5 Be8 23. Rb7 Qg5 24. Bh7+ Kh8 25. Bf5 Nd6 26. Bxg4 Nxb7 27. Bd7
Nxc5 28. Bxe8 Rfxe8 29. Qxc5 Rac8 30. Qb6 Qf6 31. Nf4 Qd6 32. Rc5 Rc7 33. Rxd5
Qe7 34. Re5 Qxe5 35. dxe5 Rce7 36. e6 Kh7 37. exf7 Rxf7 38. Qxc6 Ref8 39. Qg6+
Kg8 40. Qe6 Rb8 41. Nd3 Kf8 42. Qd6+ 1-0

[Event "4NCL Division 4 South"]
[Site "Daventry, ENG"]
[Date "2019.05.06"]
[Round "11.11"]
[White "Smith, Olivia"]
[Black "Cooksey, Paul S"]
[Result "0-1"]
[WhiteElo "2110"]
[BlackElo "2278"]
[PlyCount "100"]
[EventDate "2019.05.06"]
[WhiteTeam "Fischer's Catch"]
[BlackTeam "Crowthorne 1"]

1. e4 c6 2. d3 d5 3. Nd2 e5 4. Ngf3 Bd6 5. g3 Nf6 6. Bg2 O-O 7. O-O Re8 8. Re1
Bg4 9. h3 Bxf3 10. Nxf3 dxe4 11. dxe4 Qc7 12. Qe2 Nbd7 13. Nh4 b5 14. Nf5 Bf8
15. Bg5 h6 16. Bd2 Kh7 17. g4 g6 18. Ng3 Bg7 19. a4 a6 20. Ra3 Nc5 21. axb5
axb5 22. Rea1 Rxa3 23. Rxa3 Ne6 24. Be3 Nd4 25. Bxd4 exd4 26. Qd2 Bf8 27. Ra6
Bc5 28. g5 Nd7 29. e5 Nxe5 30. Ne4 Be7 31. f4 Nc4 32. Qxd4 hxg5 33. fxg5 c5 34.
Qf2 Kg7 35. b3 Ne5 36. Ra1 Rd8 37. Qh4 c4 38. bxc4 Qxc4 39. Kh1 Rh8 40. Qf4 Qe6
41. Ra6 Qd5 42. Kh2 Rc8 43. Nf6 Qc5 44. Qh4 Rh8 45. Qe4 Bd6 46. Kh1 Bb8 47. Nd5
Qf2 48. Ra8 Rxh3+ 49. Bxh3 Nf3 50. Bg2 Qg1# 0-1

[Event "4NCL Division 4 South"]
[Site "Daventry, ENG"]
[Date "2019.05.06"]
[Round "11.12"]
[White "Webb, Richard M"]
[Black "Rathbone-Jones, Ifan"]
[Result "1-0"]
[WhiteElo "2206"]
[BlackElo "1952"]
[PlyCount "63"]
[EventDate "2019.05.06"]
[WhiteTeam "Crowthorne 1"]
[BlackTeam "Fischer's Catch"]

1. e4 e6 2. d3 d5 3. Nd2 c5 4. Ngf3 Nc6 5. g3 g6 6. Bg2 Bg7 7. O-O Nf6 8. exd5
Nxd5 9. a4 a5 10. Nc4 O-O 11. Re1 Qc7 12. Nfd2 f5 13. c3 Rd8 14. f4 h6 15. Nf3
Nxc3 16. bxc3 Bxc3 17. Bb2 Bxe1 18. Qxe1 Kh7 19. Nfe5 Nd4 20. Rb1 Ra6 21. h4 h5
22. Bc3 b6 23. Bxd4 Rxd4 $11 24. Qc3 Rd8 25. Nf3 Rf8 26. Re1 Qe7 27. Ng5+ Kh6
28. Bd5 Bb7 29. Rxe6 Qd7 30. Bxb7 Qxa4 31. Re7 Re8 32. Rh7# 1-0

[Event "4NCL Division 4 South"]
[Site "Daventry, ENG"]
[Date "2019.05.06"]
[Round "11.13"]
[White "Sadler, Anthony"]
[Black "Purdon, Colin"]
[Result "1/2-1/2"]
[WhiteElo "1990"]
[BlackElo "2061"]
[PlyCount "36"]
[EventDate "2019.05.06"]
[WhiteTeam "Fischer's Catch"]
[BlackTeam "Crowthorne 1"]

1. d4 d5 2. Bf4 Nf6 3. e3 e6 4. Nd2 Bd6 5. Bg3 O-O 6. Bd3 c5 7. c3 b6 8. Ngf3
Ba6 9. Bc2 Nc6 10. Ne5 Qc7 11. f4 Rac8 12. Bh4 Be7 13. Nxc6 Qxc6 14. Nf3 Qb5
15. Rb1 Qe8 16. Bxf6 Bxf6 17. Bd3 Bxd3 18. Qxd3 Qe7 1/2-1/2

[Event "4NCL Division 4 South"]
[Site "Daventry, ENG"]
[Date "2019.05.06"]
[Round "11.14"]
[White "Coates, Kenneth G"]
[Black "Walton, John S"]
[Result "1/2-1/2"]
[WhiteElo "2057"]
[BlackElo "2012"]
[PlyCount "27"]
[EventDate "2019.05.06"]
[WhiteTeam "Crowthorne 1"]
[BlackTeam "Fischer's Catch"]

1. d4 e6 2. Nf3 f5 3. g3 Nf6 4. Bg2 Be7 5. O-O O-O 6. c4 d6 7. Nc3 Qe8 8. Qc2
Qh5 9. e4 fxe4 10. Nxe4 Nc6 11. Re1 e5 12. dxe5 dxe5 13. Be3 Bf5 14. Nxf6+
1/2-1/2

[Event "4NCL Division 4 South"]
[Site "Daventry, ENG"]
[Date "2019.05.06"]
[Round "11.15"]
[White "Wilson, Julie"]
[Black "Ward, Matthew J"]
[Result "1/2-1/2"]
[WhiteElo "1735"]
[BlackElo "1790"]
[PlyCount "52"]
[EventDate "2019.05.06"]
[WhiteTeam "Fischer's Catch"]
[BlackTeam "Crowthorne 1"]

1. d4 d5 2. c4 c6 3. Nf3 Nf6 4. Nc3 e6 5. e3 Nbd7 6. Bd3 Bd6 7. Bd2 O-O 8. O-O
dxc4 9. Bxc4 e5 10. e4 exd4 11. Nxd4 Nb6 12. Be2 Bxh2+ 13. Kxh2 Qxd4 14. f3 Be6
15. Qc1 Nc4 16. Bg5 Qd6+ 17. Bf4 Qc5 18. Na4 Qh5+ 19. Kg1 b5 20. Nc3 Qc5+ 21.
Kh2 Nh5 22. Bg5 f6 23. Bh4 g5 24. Bf2 Qe5+ 25. g3 Bf7 26. b3 Nd6 1/2-1/2

[Event "4NCL Division 4 South"]
[Site "Daventry, ENG"]
[Date "2019.05.06"]
[Round "11.16"]
[White "Upham, John E"]
[Black "Fraser, Susanna"]
[Result "0-1"]
[WhiteElo "1630"]
[BlackElo "1649"]
[PlyCount "94"]
[EventDate "2019.05.06"]
[WhiteTeam "Crowthorne 1"]
[BlackTeam "Fischer's Catch"]

1. Nf3 Nf6 2. d4 d5 3. c4 e6 4. Nc3 Be7 5. Bf4 O-O 6. e3 c5 7. dxc5 Bxc5 8. Qc2
h6 9. h3 Nc6 10. a3 a6 11. Be2 dxc4 12. Bxc4 b5 13. Rd1 Qe7 14. Be2 Bb7 15. O-O
Rfd8 16. Nd2 Rac8 17. Bf3 Bb6 18. Nde4 Nd5 19. Nxd5 exd5 20. Nc3 d4 21. Nd5
Rxd5 22. Bxd5 Nb4 23. Qe4 Nxd5 24. Qxe7 Nxe7 25. exd4 Rd8 26. Rfe1 Ng6 27. Be3
Nh4 28. f3 Bxf3 29. gxf3 Nxf3+ 30. Kf2 Nxe1 31. Kxe1 Rd5 32. Kf2 Kf8 33. Kf3
Ke7 34. Ke4 Ke6 35. Rc1 f5+ 36. Kd3 Rd6 37. Rc8 Kd5 38. h4 Rd8 39. Rc2 Re8 40.
Rg2 f4 41. Bxf4 Bxd4 42. b3 Re4 43. Bg3 Rg4 44. Ke2 Be5 45. Kf3 Rxg3+ 46. Rxg3
Bxg3 47. Kxg3 g5 0-1

[Event "4NCL Division 4 South"]
[Site "Daventry, ENG"]
[Date "2019.05.06"]
[Round "11.21"]
[White "Madden, Paul"]
[Black "Paul, Nathanael"]
[Result "1/2-1/2"]
[WhiteElo "2155"]
[BlackElo "2057"]
[PlyCount "73"]
[EventDate "2019.05.06"]
[WhiteTeam "Ashfield 1"]
[BlackTeam "Shropshire 2"]

1. e4 c6 2. d4 d5 3. Nc3 dxe4 4. Nxe4 Bf5 5. Ng3 Bg6 6. h4 h6 7. Nf3 Nd7 8. h5
Bh7 9. Bd3 Bxd3 10. Qxd3 Ngf6 11. O-O e6 12. Re1 Be7 13. c4 O-O 14. Bf4 a5 15.
Rad1 a4 16. Ne5 Nxe5 17. dxe5 Qxd3 18. Rxd3 Nh7 19. Rd7 Bb4 20. Red1 Rfb8 21.
Ne4 Nf8 22. R7d3 b6 23. Kf1 Ra7 24. Ke2 Rbb7 25. Bxh6 f5 26. exf6 gxh6 27. Rg3+
$11 Kh7 28. a3 Bc5 29. Rd8 Rf7 30. f4 $11 Rad7 31. Rc8 Rd4 32. Kf3 Rd3+ 33. Kg4
Rxg3+ 34. Kxg3 Bd4 35. Rxc6 $11 Bxb2 36. Rxb6 Bxf6 37. Ra6 1/2-1/2

[Event "4NCL Division 4 South"]
[Site "Daventry, ENG"]
[Date "2019.05.06"]
[Round "11.22"]
[White "Bull, Philip"]
[Black "Mercs, Peter J"]
[Result "0-1"]
[WhiteElo "1997"]
[BlackElo "2087"]
[PlyCount "76"]
[EventDate "2019.05.06"]
[WhiteTeam "Shropshire 2"]
[BlackTeam "Ashfield 1"]

1. d4 Nf6 2. e3 e6 3. Bd3 d6 4. f4 Nbd7 5. Nf3 Be7 6. O-O c5 7. c3 O-O 8. Qe2
cxd4 9. exd4 Re8 10. Re1 Nf8 11. Nbd2 Bd7 12. Ne4 Nxe4 13. Bxe4 Bc6 14. Bxc6
bxc6 15. Be3 Qc7 16. Rad1 Rab8 17. Bc1 Nd7 18. Qd3 g6 19. g4 Bf8 20. Re2 c5 21.
Rde1 cxd4 22. Nxd4 Nc5 23. Qh3 d5 24. f5 Ne4 25. fxe6 fxe6 26. Nf3 Bc5+ 27. Kg2
Bd6 28. Ng5 Nxg5 29. Bxg5 e5 30. Qd3 Qc6 31. Kh3 e4 32. Qd1 Bc5 33. Rd2 Rf8 34.
Kg2 $11 d4 35. cxd4 e3+ 36. d5 Qe8 37. Rd4 Rxb2+ 38. Kg1 Qe5 0-1